LEADER 01087nam--2200373---450- 001 990003504300203316 005 20110225111010.0 035 $a000350430 035 $aUSA01000350430 035 $a(ALEPH)000350430USA01 035 $a000350430 100 $a20110225d1974----km-y0itay0103----ba 101 0 $aita 102 $aIT 105 $a||||||||001yy 200 1 $aPlatone educatore$fJulius Stenzel$g[versione italiana di Francesco Gabrieli] 205 $a3. ed 210 $aRoma [etc.]$cLaterza$d1974 215 $a323 p.$d24 cm 225 2 $aBiblioteca di cultura moderna$v621 410 0$12001$12001$aBiblioteca di cultura moderna$v621 454 1$12001$aPlaton der Erzieher$937323 600 0$aPlatone$xPensiero educativo 676 $a370.1 700 1$aSTENZEL,$bJulius$0159751 702 1$aGABRIELI,$bFrancesco 801 0$aIT$bsalbc$gISBD 912 $a990003504300203316 951 $aDSSP SANT 370.1 STE$bDSSP 959 $aBK 969 $aDSSP 979 $aDSSP1$b90$c20110225$lUSA01$h1110 996 $aPlaton der Erzieher$937323 997 $aUNISA LEADER 01438nam 2200373Ia 450 001 996389555503316 005 20200824132923.0 035 $a(CKB)4940000000096346 035 $a(EEBO)2264214378 035 $a(OCoLC)ocm8791923e 035 $a(OCoLC)8791923 035 $a(EXLCZ)994940000000096346 100 $a19820921d1670 uy | 101 0 $aeng 135 $aurbn||||a|bb| 200 14$aThe body of the common-law of England$b[electronic resource] $eas it stood in force before it was altered by statute or acts of Parliament, or state : together with an exact collecion of such statutes as have altered or do otherwise concern the same : whereunto is also annexed certain tables containing a summary of the whole law, for the help and delight of such students as affect method /$fby Edmund Wingate 205 $aThird edition, corrected and amended. 210 $aLondon $cPrinted for H. Twyford$d[1670?] 215 $a[45], 90, 74, [5] p 300 $aPages cropped. 300 $aReproduction of original in the British Library. 330 $aeebo-0018 606 $aCommon law$zGreat Britain 606 $aLaw$zGreat Britain 615 0$aCommon law 615 0$aLaw 700 $aWingate$b Edmund$f1596-1656.$0320199 801 0$bUMI 801 1$bUMI 801 2$bWaOLN 906 $aBOOK 912 $a996389555503316 996 $aThe body of the common law of England$92322152 997 $aUNISA